| 000 | 01204nas a2200409 4500 | ||
|---|---|---|---|
| 001 | BR2016002354 | ||
| 003 | BR-BrBNA | ||
| 005 | 20231205130404.0 | ||
| 007 | ta | ||
| 008 | 230509b bl.|||p| |||| 00| 00por d | ||
| 040 |
_aBR-BrBNA _bpor _cBiblioteca Nacional de Agricultura |
||
| 041 | _a(En) | ||
| 072 | _aL73 | ||
| 100 | 1 | _aLamberti, R. | |
| 100 | 1 | _aCavagion, L. | |
| 100 | 1 | _aGatti, A. | |
| 100 | 1 | _aCalvo, C. | |
| 100 | 1 | _aGino, L. | |
| 100 | 1 | _aPuches, V.V. | |
| 100 | 1 | _aAlvarez, A.R. | |
| 100 | 1 | _aAlvarez, E. | |
| 100 | 1 | _aCachau, M.G. | |
| 100 | 1 | _aMorete, M. | |
| 100 | 1 | _aLarrieu, E. | |
| 245 | 1 | _aHumoral response and evolution of Echinococcus infection in experimentally infected sheep | |
| 650 | _aOVINO | ||
| 650 | _aDOENCA ANIMAL | ||
| 650 | _aHIDATIDOSE | ||
| 650 | _aPROTOZOARIO | ||
| 650 | _aPARASITO DE ANIMAL | ||
| 650 | _aINFECCAO | ||
| 650 | _aIMUNOLOGIA | ||
| 773 | 0 |
_tBrazilian Journal of Veterinary Parasitology (Brazil) _xISSN 1984-2961 _g(Apr-Jun 2014), v. 23(2) p. 237-240 _wBR2016002354 |
|
| 856 | 4 | 0 | _uhttp://www.scielo.br/pdf/rbpv/v23n2/0103-846X-rbpv-23-02-237.pdf |
| 909 |
_a202311 _bLúcia _c55 _dLúcia Elande |
||
| 942 |
_2AGRIS _n0 _cANA |
||
| 999 |
_c249188 _d249188 |
||